000 00480nam a2200181Ia 4500
003 OSt
005 20260326143953.0
008 190216s9999||||xx |||||||||||||| ||und||
020 _a9788171300266
040 _coclc
082 _a891.201
_bBAN/K
100 _aBanabhatta
_98117
245 0 _aKadambari /
_cBanabhatta
260 _bDc Books,
_aKottayam:
_c2008.
300 _a96p
650 _aKathakal
942 _cBK
_2ddc
_h891.201
_iBAN/K
_k891.201
_mBAN/K
999 _c29334
_d29334